Beránková, Helena: Josef Šíma (1859-1929) kreslíř a fotograf

Bibliographic Details
Main Author: Botík, Ján, 1938- (Author)
Format: Article
Language:Slovak
ISSN:1335-1303
Subjects:

MARC

LEADER 00000nab a2200000 a 4500
001 vtls010116102
003 SK-MaSNL
005 20260304235115.0
008 250708c2010 xo |r||||||||||00 b|slo
015 |a SNBRB2010/07  |2 snkbucl 
035 |a (uuid)7b400f85-c257-484d-a22a-9cfebad4bccf 
035 |a urn:nbn:sk:snk-ab16k5 
035 |a (urnnbn)urn:nbn:sk:snk:ar-a03cmd 
038 |a SNKBUCL 
040 |a SNKBUCL  |b slo  |c SNKBUCL  |e AACR2 
041 0 |a slo 
044 |a xo  |c SK 
080 |a 77.03/.08:391  |x (437.3)  |x (437.6)  |2 2001 
080 |a 741/744:391  |x (437.3)  |x (437.6)  |2 2001 
080 |a 391  |x (437.3)  |x (437.6)  |2 2001 
080 |a 069.2  |x (437.3)  |2 2001 
100 1 |a Botík, Ján,  |d 1938-  |4 aut  |9 214842 
245 1 0 |a Beránková, Helena: Josef Šíma (1859-1929) kreslíř a fotograf  |c Ján Botík 
500 |a Text, katalóg, registre recenzovanej publikácie Helena Beránková 
600 1 7 |a Šíma, Josef,  |d 1859-1929  |2 snkbucl  |9 544506 
610 2 7 |a Moravské zemské muzeum.  |b Etnografický ústav  |2 snkbucl  |9 262736 
648 7 |a 19. stor.  |2 snkbucl  |9 278793 
650 0 7 |a fotografia  |2 snkbucl  |9 1694 
650 0 7 |a kresba  |2 snkbucl  |9 3076 
650 0 7 |a ľudové odevy  |2 snkbucl  |9 85297 
650 0 7 |a umelecké námety  |2 snkbucl  |9 2885 
650 0 7 |a etnografické zbierky  |2 snkbucl  |9 84942 
650 0 7 |a katalógy  |2 snkbucl  |9 3488 
655 7 |a recenzie  |2 snkbucl  |9 21907 
773 0 |t Slovenský národopis  |g Roč. 58, č. 1 (2010), s. 108  |x 1335-1303 
787 0 8 |i Rec.:  |a Šíma, Josef, 1859-1929  |t Josef Šíma (1859-1929) : kreslíř a fotograf  |d Brno : Moravské zemské muzeum, 2009  |z 9788070283493 
850 |a Slovenská národná knižnica 
852 |a Slovenská národná knižnica 
954 |a odborná, vedecká literatúra pôvodná (slovenská)  |2 lita 
958 |a article27 
958 |a CZ 
958 |a OND 
958 |a EUIPO 
999 |c 3207439  |d 3209369